[Event "FRA-chT Gp-A"]
[Site "France"]
[Date "2004.01.31"]
[Round "2"]
[White "Pigusov, Evgeny"]
[Black "Bologan, Viktor"]
[Result "0-1"]
[WhiteElo "2572"]
[BlackElo "2679"]
[PlyCount "108"]
[EventDate "2004.01.30"]
[EventType "team-tourn"]
[EventRounds "7"]
[EventCountry "FRA"]
[SourceTitle "CBM 098 Extra"]
[Source "ChessBase"]
[SourceDate "2004.03.10"]
[SourceVersion "2"]
[SourceVersionDate "2004.03.10"]
[SourceQuality "1"]
[WhiteTeam "Nice"]
[BlackTeam "Gonfreville"]
[WhiteTeamCountry "FRA"]
[BlackTeamCountry "FRA"]

1. Nf3 Nf6 2. c4 g6 3. g3 Bg7 4. Bg2 0-0 5. d4 d6 6. Nc3 Nc6 7. 0-0 a6 8. h3 Bd7 9. e4 e5 10. d5 Nd4 11. Nxd4 exd4 12. Qxd4 Qc8 13. h4 Ng4 14. Qd2 b5 15. Qe2 Ne5 16. cxb5 axb5 17. Nxb5 Qa6 18. Nc3 Qxe2 19. Nxe2 Rfb8 20. Nf4 Nc4 21. Nd3 Bb5 22. Re1 Ba4 23. e5 Nxe5 24. Nxe5 Bxe5 25. Re2 Bb3 26. a3 Ba4 27. Rb1 Bb5 28. Rd2 Rb7 29. Be4 Bc4 30. b4 Re8 31. Rc2 Bb5 32. Bh6 Bg7 33. Bxg7 Rxe4 34. Bf6 Bd3 35. Rbc1 Bxc2 36. Rxc2 Re1+ 37. Kg2 Kf8 38. Bd8 Ke8 39. Bxc7 Kd7 40. Ba5 Rd1 41. Kf3 Rxd5 42. Rc3 Re5 43. a4 f5 44. Kf4 h6 45. f3 Ke6 46. Ra3 Rg7 47. g4 g5+ 48. Kg3 fxg4 49. Bb6 gxh4+ 50. Kxh4 gxf3 51. a5 Re4+ 52. Kh5 Rg5+ 53. Kxh6 Rg2 54. Kh5 Re1 0-1

[Event "FRA-chT Gp-A"]
[Site "France"]
[Date "2004.01.30"]
[Round "1"]
[White "Svidler, Peter"]
[Black "Pigusov, Evgeny"]
[Result "1-0"]
[WhiteElo "2747"]
[BlackElo "2572"]
[PlyCount "69"]
[EventDate "2004.01.30"]
[EventType "team-tourn"]
[EventRounds "7"]
[EventCountry "FRA"]
[SourceTitle "CBM 098 Extra"]
[Source "ChessBase"]
[SourceDate "2004.03.10"]
[SourceVersion "2"]
[SourceVersionDate "2004.03.10"]
[SourceQuality "1"]
[WhiteTeam "Paris NAO"]
[BlackTeam "Nice"]
[WhiteTeamCountry "FRA"]
[BlackTeamCountry "FRA"]

1. e4 c5 2. Nf3 Nc6 3. d4 cxd4 4. Nxd4 g6 5. Nc3 Bg7 6. Be3 Nf6 7. Bc4 0-0 8. Bb3 a5 9. 0-0 d6 10. h3 Nxd4 11. Bxd4 Bd7 12. a4 Bc6 13. Qd3 Nd7 14. Bxg7 Kxg7 15. Bc4 Qb6 16. Bb5 Qc5 17. Kh1 Qb4 18. Nd5 Bxd5 19. exd5 Nc5 20. Qa3 Qxa3 21. Rxa3 e5 22. dxe6 fxe6 23. Re3 Rf4 24. c3 Kf7 25. f3 d5 26. g3 Rf6 27. h4 Rd8 28. Kg2 Ke7 29. b4 axb4 30. cxb4 Na6 31. Rc1 Kd6 32. Bxa6 bxa6 33. Rec3 Rb8 34. Rc6+ Kd7 35. Rc7+ 1-0

[Event "EU-Cup 19th"]
[Site "Rethymno"]
[Date "2003.10.02"]
[Round "5.6"]
[White "Yemelin, Vasily"]
[Black "Pigusov, Evgeny"]
[Result "1-0"]
[WhiteElo "2550"]
[BlackElo "2576"]
[PlyCount "107"]
[EventDate "2003.09.28"]
[EventType "team-swiss"]
[EventRounds "7"]
[EventCountry "GRE"]
[SourceTitle "CBM 098"]
[Source "ChessBase"]
[SourceDate "2004.02.03"]
[SourceVersion "1"]
[SourceVersionDate "2004.02.03"]
[SourceQuality "1"]
[WhiteTeam "St Petersburg"]
[BlackTeam "Tomsk 400"]
[WhiteTeamCountry "RUS"]
[BlackTeamCountry "RUS"]

1. e4 c5 2. Nf3 Nc6 3. d4 cxd4 4. Nxd4 g6 5. c4 Nf6 6. Nc3 d6 7. Be2 Nxd4 8. Qxd4 Bg7 9. Bg5 0-0 10. Qd2 a5 11. f3 a4 12. Rc1 Be6 13. Rc2 Re8 14. Nb5 Bd7 15. 0-0 Bc6 16. Rd1 Qb8 17. c5 d5 18. Bxf6 Bxf6 19. exd5 Rd8 20. Bc4 Be5 21. d6 Bxb5 22. Bxb5 exd6 23. f4 Bg7 24. cxd6 Qa7+ 25. Qf2 Qa5 26. Rd5 Qb4 27. Rc4 Qxb2 28. Qxb2 Bxb2 29. Rxa4 Rxa4 30. Bxa4 Ra8 31. Bb5 f5 32. d7 Rd8 33. Rd2 Bf6 34. Re2 Kf7 35. Re8 Be7 36. Kf2 Ke6 37. Ke3 Kd6 38. Kd4 Bf6+ 39. Kc4 Be7 40. h3 h5 41. Rxe7 Kxe7 42. Kc5 g5 43. Kb6 Rg8 44. Kxb7 Kd8 45. a4 gxf4 46. Bc6 Rg3 47. Bf3 Rg7 48. a5 Rxd7+ 49. Kb8 Rd6 50. Bb7 Ke7 51. a6 Rxa6 52. Bxa6 f3 53. gxf3 Kd6 54. Bb7 1-0

[Event "RUS-chT 10th final A"]
[Site "Togliatti"]
[Date "2003.05.25"]
[Round "3"]
[White "Najer, Evgeniy"]
[Black "Pigusov, Evgeny"]
[Result "1/2-1/2"]
[WhiteElo "2606"]
[BlackElo "2588"]
[PlyCount "48"]
[EventDate "2003.05.23"]
[EventType "team-tourn"]
[EventRounds "3"]
[EventCountry "RUS"]
[SourceTitle "EXT 2020"]
[Source "ChessBase"]
[SourceDate "2019.10.17"]
[SourceVersion "1"]
[SourceVersionDate "2019.10.17"]
[SourceQuality "1"]
[WhiteTeam "Norilsk Norilsky Nikel"]
[BlackTeam "Tomsk 400"]
[WhiteTeamCountry "RUS"]
[BlackTeamCountry "RUS"]

1. d4 Nf6 2. Nf3 e6 3. c4 d5 4. Nc3 Be7 5. Bf4 0-0 6. e3 c5 7. dxc5 Bxc5 8. cxd5 Nxd5 9. Nxd5 exd5 10. a3 Nc6 11. Bd3 Bb6 12. 0-0 d4 13. Qc2 h6 14. e4 Be6 15. Qe2 Bg4 16. h3 Qf6 17. hxg4 Qxf4 18. g5 hxg5 19. g3 Qg4 20. Kg2 g6 21. Qd2 Bd8 22. Rae1 Kg7 23. Rh1 Be7 24. Bc4 Rad8 1/2-1/2

[Event "RUS-chT 10th final A"]
[Site "Togliatti"]
[Date "2003.05.23"]
[Round "1"]
[White "Pigusov, Evgeny"]
[Black "Hasangatin, Ramil"]
[Result "0-1"]
[WhiteElo "2588"]
[BlackElo "2517"]
[PlyCount "78"]
[EventDate "2003.05.23"]
[EventType "team-tourn"]
[EventRounds "3"]
[EventCountry "RUS"]
[SourceTitle "EXT 2020"]
[Source "ChessBase"]
[SourceDate "2019.10.17"]
[SourceVersion "1"]
[SourceVersionDate "2019.10.17"]
[SourceQuality "1"]
[WhiteTeam "Tomsk 400"]
[BlackTeam "Kazan Ladya"]
[WhiteTeamCountry "RUS"]
[BlackTeamCountry "RUS"]

1. Nf3 d5 2. g3 Nc6 3. d4 Bf5 4. Bg2 Qd7 5. c4 e6 6. 0-0 dxc4 7. Qa4 0-0-0 8. Nc3 Kb8 9. Qxc4 f6 10. e4 Bg4 11. Be3 Nge7 12. Rfd1 Nc8 13. h3 Bh5 14. Rac1 Bd6 15. Rd2 Nb6 16. Qe2 f5 17. Qf1 Qe8 18. Ng5 Na5 19. Nb5 Nac4 20. Rxc4 Qxb5 21. Rc1 Qd7 22. Rdc2 Rc8 23. d5 exd5 24. exd5 Rhe8 25. Qd3 f4 26. Bxf4 Bxf4 27. gxf4 Bg6 28. Be4 Bxe4 29. Nxe4 Qxd5 30. Qxd5 Nxd5 31. Nc5 Nxf4 32. Nd7+ Ka8 33. Kf1 c6 34. Rc4 Nd5 35. a3 Re7 36. Nc5 Rf8 37. Re1 Rxe1+ 38. Kxe1 b6 39. Nd3 Kb7 0-1

[Event "RUS-chT 10th Group1"]
[Site "Togliatti"]
[Date "2003.05.20"]
[Round "5"]
[White "Pigusov, Evgeny"]
[Black "Lysyj, Igor"]
[Result "1/2-1/2"]
[WhiteElo "2588"]
[BlackElo "2475"]
[PlyCount "67"]
[EventDate "2003.05.16"]
[EventType "team-tourn"]
[EventRounds "6"]
[EventCountry "RUS"]
[SourceTitle "EXT 2020"]
[Source "ChessBase"]
[SourceDate "2019.10.17"]
[SourceVersion "1"]
[SourceVersionDate "2019.10.17"]
[SourceQuality "1"]
[WhiteTeam "Tomsk 400"]
[BlackTeam "Nizhny Tagil Politekhnik"]
[WhiteTeamCountry "RUS"]
[BlackTeamCountry "RUS"]

1. Nf3 e6 2. g3 b6 3. Bg2 Bb7 4. c4 c5 5. 0-0 Nc6 6. Nc3 Nf6 7. b3 Be7 8. Bb2 0-0 9. e3 d5 10. cxd5 Nxd5 11. Nxd5 exd5 12. d4 a5 13. dxc5 bxc5 14. Ne1 Ba6 15. Nd3 Nb4 16. Nxb4 axb4 17. Re1 Bb7 18. Qg4 Bf6 19. Bxf6 Qxf6 20. Qe2 Qb6 21. Red1 Rfd8 22. Rd2 Rd6 23. Rc1 Rad8 24. Qh5 h6 25. Rcd1 Qa7 26. h4 Qa8 27. e4 Ra6 28. exd5 Rxa2 29. Rxa2 Qxa2 30. d6 Bxg2 31. Kxg2 Qxb3 32. d7 Qc2 33. Qd5 b3 34. Rd2 1/2-1/2